World City Demonyms - Statistics

General Stats
  • This quiz has been taken 130 times
  • The average score is 17 of 40
Answer Stats
City Official Demonym Colloquial Demonym % Correct
London Londoner
92%
New York New Yorker Knickerbocker
92%
Dublin Dubliner Dub
86%
Berlin Berliner / Berlinese
81%
Paris Parisian
75%
Venice Venetian
69%
Athens Athenian
63%
Naples Neapolitan
62%
Geneva Genevan Genevese / Genfer
61%
Liverpool Liverpudlian Scouser
61%
Manchester Mancunian Manc
60%
Singapore Singaporean
58%
Houston Houstonian Houstonite
56%
Moscow Muscovite
56%
Amsterdam Amsterdammer
53%
Phoenix Phoenician Phoenixer
53%
Chicago Chicagoan
52%
Birmingham Brummie
50%
Jakarta Jakartan Jakartanais
49%
Zurich Zuricher Zürcher
47%
Johannesburg Johannesburger Joburger
46%
Lisbon Lisboan Lisboner / Alfacinha
43%
Las Vegas Las Vegan Vegan
39%
Kyiv Kyivan / Kievan Kyïvan / Kievite / Kyivite
36%
Lagos Lagosian
33%
Los Angeles Los Angeleno Angeleño
33%
Bangkok Bangkokian Bangkoker
31%
Budapest Budapestian Budapester
31%
Toronto Torontonian
28%
Melbourne Melburnian Melbournite
27%
Tripoli Tripolitan
20%
Beijing Beijingese Pekinese
17%
Guangzhou Cantonese
17%
Madrid Madrilenian Madrileño
17%
Rio de Janeiro Carioca
12%
Istanbul Istanbulite
12%
Warsaw Varsovian
10%
Mexico City Capitalino Chilango / Defeño
8%
Cairo Cairene
4%
Mumbai Mumbaikar
3%
No matching quizzes found
Score Distribution
Percent of People with Each Score
Percentile by Number Answered
Your Score History
You have not taken this quiz